000 00852nam a2200253 a 4500
001 59205
003 BD-RjUL
005 20211209080714.0
008 161221s1964 nju 00| 0 eng d
035 _a(BD-RjUL) 59329
040 _aDLC
_cDLC
_dBD-RjUL
_beng
041 _aeng
082 0 0 _a342.73
_bMAA 1964
100 1 _aMason, Alpheus Thomas,
_d1899-1989.
_914687
245 1 0 _aAmerican constitutional law :
_bintroductory essays and selected cases /
_cAlpheus Thomas Mason, William M. Beaney.
250 _a3rd ed.
260 _aEnglewood Cliffs;
_aNew jersy :
_bPrentice-Hall,
_cc1964
300 _axxv, 588 p. :
_c25 cm.
504 _aIncludes bibliographies.
650 0 _aConstitutional law
_zUnited States
_xCases.
_914688
700 1 _aBeaney, William Merritt,
_d1918-
_ejoint author.
_914689
942 _2ddc
_cBK
999 _c59205
_d59205